00492 2200181 4500245006300000020002200063250001100085100002200096700002500118650002100143005001900164260004000183041001400223084001100237300002600248490002700274336000900301 aCafe b : Seri Wirausahawan MudacHendry E. RamdhanhText a978-602-8823-58-6 aCet. 1 aHendry E. Ramdhan aSuro Udioko Prapanca aEkonomi Industri a20230306104128 aJakartabBinamuda Ciptakreasic2013 aIndonesia a338.04 avi, 50 hlm. :c25 cm. aSeri Wirausahawan Muda atext